| 000 | 00762nam a2200169 i 4500 | ||
|---|---|---|---|
| 001 | 166769 | ||
| 003 | ES-MaACL | ||
| 005 | 20230906213410.0 | ||
| 008 | 990127s1892 sp |||| | spa d | ||
| 040 |
_aCCPB | B _bspa _cCCPB | B |
||
| 100 | 0 |
_aLaurencín, Francisco Rafael de Uhagón _cMarqués de. _970617 |
|
| 245 | 1 | 3 |
_aLa Patria de Colón _b: según los documentos de las órdenes militares / _cpor Francisco R. de Uhagón. |
| 260 |
_aMadrid : _bLibrería de Fernando Fé, _c1892 ( _fTipografía de Ricardo Fé) |
||
| 300 |
_a69 p. ; _c21 cm. |
||
| 600 | 1 | 4 |
_aColón, Cristóbal- _xBiografías. _939871 |
| 852 |
_aES-MaACL _jT-535-F-1 _z-- Enc. hol., conservando la enc. original _z-- An. ms.: Ded. del autor al Ateneo de Madrid _z-- Enc. en un vol. facticio |
||
| 999 |
_c166769 _d166769 |
||